000 00465nam a2200181 a 4500
001 6324
003 CO-ViMGA
008 141112s2004 ck r 000 u spa d
040 _aCO-ViMGA
_bspa
_cCO-ViMGA
082 0 4 _a658.5421 S378
100 1 _aServan Schreiber, Jean Louis
_95033
245 1 0 _aCómo dominar el tiempo
250 _a7a
260 _aBuenos Aires :
_bEmece,
_c1993
300 _a199 p
650 1 4 _aTIEMPO - ADMINISTRACION
_95034
942 _2ddc
_cBK
999 _c18294
_d18294